Carmela toda la vida /
Guardado en:
| Autor Principal: | |
|---|---|
| Otros Autores: | |
| Formato: | Libro |
| Idioma: | Undetermined |
| Publicado: |
Buenos Aires :
Fondo de cultura económica,
2014.
|
| Series: | A la orilla del viento
|
| Materias: | |
| Etiquetas: |
Agregar Etiqueta
Sin Etiquetas, Sea el primero en etiquetar este registro!
|
| LEADER | 01308nam a22002895a 4500 | ||
|---|---|---|---|
| 001 | CEM.cems019564 | ||
| 008 | 220923s2014####ag############000#0#und#d | ||
| 005 | 20221108104350.0 | ||
| 245 | 1 | 0 | |a Carmela toda la vida / |c Triunfo Arciniegas ; ilustrado por Jotave. |
| 260 | |a Buenos Aires : |b Fondo de cultura económica, |c 2014. | ||
| 300 | |a 76 p. ; |c 20 cm. | ||
| 490 | 1 | |a A la orilla del viento | |
| 020 | |a 9789877190380 | ||
| 100 | 1 | |a Arciniegas, Triunfo. | |
| 700 | 1 | |a Jotave; il. | |
| 653 | |a Literatura Infantil | ||
| 653 | |a Literatura Juvenil | ||
| 653 | |a Literatura Colombiana | ||
| 859 | |a CEMS |b BIB. CEMS - Inicial y Primaria |h C863.4 |i Ar26 |k IP |p 5440 |t Ej.1 | ||
| 859 | |a CEMS |b BIB. CEMS - Inicial y Primaria |h C863.4 |i Ar26 |k IP |p 5442 |t Ej.2 | ||
| 859 | |a CEMS |b BIB. CEMS - Inicial y Primaria |h C863.4 |i Ar26 |k IP |p 5443 |t Ej.3 | ||
| 859 | |a CEMS |b BIB. CEMS - Inicial y Primaria |h C863.4 |i Ar26 |k IP |p 5445 |t Ej.4 | ||
| 859 | |a CEMS |b BIB. CEMS - Inicial y Primaria |h C863.4 |i Ar26 |k IP |p 5444 |t Ej.5 | ||
| 859 | |a CEMS |b BIB. CEMS - Inicial y Primaria |h C863.4 |i Ar26 |k IP |p 5447 |t Ej.6 | ||
| 859 | |a CEMS |b BIB. CEMS - Inicial y Primaria |h C863.4 |i Ar26 |k IP |p 5446 |t Ej.7 | ||
| 859 | |a CEMS |b BIB. CEMS - Inicial y Primaria |h C863.4 |i Ar26 |k IP |p 5448 |t Ej.8 | ||
| 859 | |a CEMS |b BIB. CEMS - Inicial y Primaria |h C863.4 |i Ar26 |k IP |p 5449 |t Ej.9 | ||
